[Event "Fast! & Furious?"]
[Site "SchemingMind.com"]
[Date "2014.02.03"]
[Round "-"]
[White "fu_manchu"]
[Black "mmccaffe"]
[Result "1/2-1/2"]
[WhiteCountry "CAN"]
[BlackCountry "USA"]
[WhiteElo "1751"]
[WhiteRD "68"]
[BlackElo "1666"]
[BlackRD "60"]
[GameID "347119"]

1. d4 d5 2. c4 c6 3. Nf3 Nf6 4. e3 Bf5 5. Nc3 e6 6. Be2 Be7 7. O-O dxc4 8. Bxc4 Nbd7 9. Re1 O-O 10. e4 Bg6
11. d5 Nb6 12. Bb3 cxd5 13. exd5 Nbxd5 14. Nxd5 Nxd5 15. Qe2 Nb6 16. Be3 Qd3 17. Bxb6 Qxe2 18. Rxe2 axb6 19. Ne5 Bf6 20. Nxg6 hxg6
21. Rd1 Rfd8 22. Ree1 Bxb2 23. g3 b5 24. Rxd8+ Rxd8 25. Kg2 b4 26. Re4 Bc3 27. Rc4 Rd7 28. Ba4 Rd2 29. Rc8+ Kh7 30. Bb3 Bd4
31. Rc2 Rxc2 32. Bxc2 Kg8 33. f4 e5 34. Kf3 Kf8 35. fxe5 Bxe5 36. h3 Ke7 37. g4 g5 38. Ke4 Kd6 39. Bb3 f6 40. Kf5 Kc5
41. Kg6 Kd4 42. Kxg7 Ke3 43. Kg6 Kf2 44. Kf5 Bc3 45. Bd5= b6 46. Bb3 Kg3 47. Bd5 Kxh3 48. Bg8 Kg3 49. Bb3 Kf3 50. Bd5+ Ke3
51. Bg8 Kd3=
1/2-1/2

[Event "Fast! & Furious?"]
[Site "SchemingMind.com"]
[Date "2014.02.11"]
[Round "-"]
[White "mmccaffe"]
[Black "elmar"]
[Result "0-1"]
[WhiteCountry "USA"]
[BlackCountry "AZE"]
[WhiteElo "1668"]
[WhiteRD "63"]
[BlackElo "1988"]
[BlackRD "82"]
[GameID "347714"]

1. e4 e5 2. Nf3 Bc5 3. Bc4 Nc6 4. d3 Nf6 5. Nc3 O-O 6. Bg5 Be7 7. O-O d6 8. h3 Na5 9. Bb3 Nxb3 10. cxb3 c6
11. Qe2 b6 12. Rac1 Ba6 13. Rfd1 Nh5 14. Bxe7 Qxe7 15. Nh2 Nf4 16. Qe3 Qg5 17. Qf3 f5 18. Qg3 Qxg3 19. fxg3 Nxd3 20. Rxd3 Bxd3
0-1

[Event "Fast! & Furious?"]
[Site "SchemingMind.com"]
[Date "2014.02.11"]
[Round "-"]
[White "elmar"]
[Black "mmccaffe"]
[Result "1-0"]
[WhiteCountry "AZE"]
[BlackCountry "USA"]
[WhiteElo "1988"]
[WhiteRD "82"]
[BlackElo "1668"]
[BlackRD "63"]
[GameID "347715"]

1. d4 Nf6 2. Nf3 g6 3. c4 Bg7 4. Nc3 O-O 5. e4 d6 6. h3 e5 7. dxe5 dxe5 8. Be3 Nc6 9. a3 a5 10. Bd3 Qe7
11. Qc2 Be6 12. Nd5 Bxd5 13. cxd5 Nb8 14. O-O c6 15. Bc5 Qd7 16. Bxf8 Kxf8 17. Nxe5 Qe7 18. f4 cxd5 19. Qc8+
1-0

[Event "Fast! & Furious?"]
[Site "SchemingMind.com"]
[Date "2014.02.12"]
[Round "-"]
[White "emvarela"]
[Black "elmar"]
[Result "0-1"]
[WhiteCountry "ARG"]
[BlackCountry "AZE"]
[WhiteElo "1732"]
[WhiteRD "45"]
[BlackElo "2046"]
[BlackRD "69"]
[GameID "347716"]

1. e4 e5 2. Nf3 Nf6 3. Nxe5 d6 4. Nf3 Nxe4 5. d4 d5 6. Bd3 Nc6 7. c3 Bd6 8. O-O O-O 9. Be3 Qf6 10. Bxe4 dxe4
11. Nfd2 Qg6 12. f4 Ne7 13. Qe2 Bg4 14. Qf2 Be6 15. c4 c6 16. b3 f5 17. Qh4 Rad8 18. Nc3 Bb4 19. Na4 b6 20. a3 Bd6
21. b4 Rf6 22. c5 Nd5 23. cxd6 Nxe3 24. Rf2 Nc2 25. Ra2 Bxa2 26. Nxe4 fxe4 27. Rxc2 Bb3
0-1

[Event "Fast! & Furious?"]
[Site "SchemingMind.com"]
[Date "2014.02.12"]
[Round "-"]
[White "elmar"]
[Black "emvarela"]
[Result "1-0"]
[WhiteCountry "AZE"]
[BlackCountry "ARG"]
[WhiteElo "2046"]
[WhiteRD "69"]
[BlackElo "1732"]
[BlackRD "45"]
[GameID "347717"]

1. d4 Nf6 2. Nf3 d5 3. Bf4 e6 4. e3 Bd6 5. Bxd6 Qxd6 6. c4 dxc4 7. Nbd2 b5 8. a4 Bd7 9. axb5 Bxb5 10. Bxc4 Bxc4
11. Nxc4 Qd5 12. Nce5 O-O 13. O-O Nbd7 14. Qc2 Nxe5 15. dxe5 Qe4 16. Rfc1 Rfc8 17. exf6 Qxc2 18. Rxc2 gxf6 19. Nd4 c5 20. Nb3 c4
21. Nd2 c3 22. bxc3 Rc7 23. g3 Kg7 24. c4 a5 25. Ra4 Rd7 26. Nb3 Rda7 27. Kf1 f5 28. Ke2 Kf6 29. c5 e5 30. c6 Ke6
31. Rxa5 Rxa5 32. Nxa5
1-0

[Event "Fast! & Furious?"]
[Site "SchemingMind.com"]
[Date "2014.02.11"]
[Round "-"]
[White "Scooter"]
[Black "elmar"]
[Result "0-1"]
[WhiteCountry "USA"]
[BlackCountry "AZE"]
[WhiteElo "1705"]
[WhiteRD "45"]
[BlackElo "1988"]
[BlackRD "82"]
[GameID "347718"]

1. d4 d5 2. Nf3 Bf5 3. e3 e6 4. Bd3 Bxd3 5. Qxd3 a6 6. O-O Nf6 7. Nbd2 c5 8. c3 Nc6 9. Re1 c4 10. Qe2 Be7
11. e4 O-O 12. exd5 exd5 13. Ne5 Re8 14. Nxc6 bxc6 15. Qf1 Qc7 16. Nf3 Ne4 17. Nd2 f5 18. Nxe4 fxe4 19. g3 Rf8 20. Bf4 Qb6
21. Re2 c5 22. dxc5 Bxc5 23. Be3 Rf3 24. Bxc5 Qxc5 25. Rd1 Raf8 26. Rd4 Rd3 27. Rxd3 cxd3 28. Rd2 e3 29. Rxd3 exf2+ 30. Kg2 d4
31. Rxd4 Qc6+ 32. Kh3 g5 33. Rd2 Rf4 34. Rxf2 g4+
0-1

[Event "Fast! & Furious?"]
[Site "SchemingMind.com"]
[Date "2014.02.11"]
[Round "-"]
[White "elmar"]
[Black "Scooter"]
[Result "1-0"]
[WhiteCountry "AZE"]
[BlackCountry "USA"]
[WhiteElo "1988"]
[WhiteRD "82"]
[BlackElo "1705"]
[BlackRD "45"]
[GameID "347719"]

1. d4 Nf6 2. c4 g6 3. Nc3 Bg7 4. Nf3 O-O 5. e4 d6 6. Be2 Bg4 7. O-O Nbd7 8. Be3 Bxf3 9. Bxf3 e5 10. d5 a6
11. b4 Nb6 12. Bxb6 cxb6 13. Rc1 Rc8 14. Qd3 Qc7 15. Be2 Qb8 16. b5 a5 17. Na4 Qc7 18. Qe3 Nd7 19. Bg4 f5 20. Bh3 Nc5
21. Nxc5 Qxc5 22. exf5 Qxe3 23. fxe3 gxf5 24. Bxf5 Rc7 25. e4 Bh6 26. Rc2 Rc5 27. Rf3 Kh8 28. Rh3 Rf6 29. Kf2 Kg7 30. g4 Rc7
31. g5
1-0

[Event "Fast! & Furious?"]
[Site "SchemingMind.com"]
[Date "2014.02.12"]
[Round "-"]
[White "kenneth m day"]
[Black "elmar"]
[Result "0-1"]
[WhiteCountry "USA"]
[BlackCountry "AZE"]
[WhiteElo "1769"]
[WhiteRD "48"]
[BlackElo "2046"]
[BlackRD "69"]
[GameID "347720"]

1. e4 c5 2. d4 cxd4 3. c3 Nf6 4. e5 Nd5 5. Bc4 Nb6 6. Bb3 e6 7. Nf3 d5 8. cxd4 Nc6 9. O-O Be7 10. Nc3 O-O
11. a3 Bd7 12. Be3 Be8 13. Rc1 Rc8 14. Bc2 f5 15. exf6 Bxf6 16. Qd3 Bg6 17. Qd2 Bxc2 18. Rxc2 Qe8 19. Qd3 Qh5 20. Ne2 Qf7
21. Ne5 Bxe5 22. dxe5 Nc4 23. f4 N4xe5 24. Qd1 Nc4 25. Bc1 Qg6 26. b3 Nd6 27. Rc3 Ne4 28. Rd3 Qg4 29. Ng3 Qxd1 30. Rfxd1 e5
31. fxe5 Nxe5 32. Rxd5 Nc3 33. R5d4 Nxd1 34. Rxd1 Rcd8 35. Rxd8 Rxd8 36. Kf2 Nd3+
0-1

[Event "Fast! & Furious?"]
[Site "SchemingMind.com"]
[Date "2014.02.11"]
[Round "-"]
[White "elmar"]
[Black "kenneth m day"]
[Result "1-0"]
[WhiteCountry "AZE"]
[BlackCountry "USA"]
[WhiteElo "2046"]
[WhiteRD "69"]
[BlackElo "1769"]
[BlackRD "48"]
[GameID "347721"]

1. d4 Nf6 2. Nf3 d5 3. Bf4 c5 4. e3 e6 5. Nbd2 Bd6 6. Bxd6 Qxd6 7. c3 Nc6 8. Bb5 Bd7 9. O-O O-O 10. Qe2 a6
11. Bd3 cxd4 12. exd4 Ne7 13. Ne5 Ng6 14. Ndf3 Nf4 15. Qe3 Nxd3 16. Nxd3 h6 17. Nde5 Bb5 18. Rfe1 Nd7 19. a4 Bc6 20. Nxd7 Bxd7
21. Ne5 f6 22. Nxd7 Qxd7 23. Qxe6+ Qxe6 24. Rxe6 Rfe8 25. Rae1 Kf7 26. Rxe8 Rxe8 27. Rxe8 Kxe8 28. Kf1 Kd7 29. Ke2 Kc6 30. Kd3 b5
31. b3 bxa4 32. bxa4 Kd6 33. c4 dxc4+ 34. Kxc4 g6 35. Kb4 Kd5 36. Ka5 Kxd4 37. Kxa6 Kc5 38. a5 Kc6 39. f4 f5 40. h4 Kc7
41. Kb5 Kb7 42. a6+ Ka7 43. Ka5 Ka8 44. Kb6 Kb8 45. a7+ Ka8 46. Ka6
1-0

[Event "Fast! & Furious?"]
[Site "SchemingMind.com"]
[Date "2014.02.11"]
[Round "-"]
[White "simpet"]
[Black "elmar"]
[Result "0-1"]
[WhiteCountry "ENG"]
[BlackCountry "AZE"]
[WhiteElo "1641"]
[WhiteRD "54"]
[BlackElo "1988"]
[BlackRD "82"]
[GameID "347722"]

1. e4 c5 2. Bc4 Nc6 3. Nf3 d6 4. Ng5 e6 5. d3 Be7 6. Nc3 Bxg5 7. O-O Nf6 8. Bxg5 a6 9. f4 O-O 10. a3 b5
11. Ba2 b4 12. axb4 cxb4 13. Na4 Rb8 14. c3 Bd7 15. Bb3 bxc3 16. bxc3 h6 17. Bh4 Ne7 18. Bxf6 gxf6 19. Qh5 Rxb3 20. Qxh6 Bxa4
21. Rf3 Qb6+ 22. d4 Rb1+ 23. Rxb1 Qxb1+ 24. Kf2 Qc2+ 25. Kg3 Qxe4 26. Kh4 Nf5+
0-1

[Event "Fast! & Furious?"]
[Site "SchemingMind.com"]
[Date "2014.02.11"]
[Round "-"]
[White "elmar"]
[Black "simpet"]
[Result "1-0"]
[WhiteCountry "AZE"]
[BlackCountry "ENG"]
[WhiteElo "1988"]
[WhiteRD "82"]
[BlackElo "1641"]
[BlackRD "54"]
[GameID "347723"]

1. d4 Nf6 2. c4 e6 3. a3 Be7 4. Nc3 O-O 5. Nf3 b6 6. e4 Bb7 7. Bd3 d5 8. cxd5 exd5 9. e5 Nfd7 10. O-O c5
11. Bf5 Nc6 12. Re1 Bh4 13. Nxh4 Qxh4 14. Bxd7 cxd4 15. Nxd5 Rad8 16. Bxc6 Bxc6 17. g3 Qh3 18. Ne7+ Kh8 19. Nxc6 Rd7 20. Bf4 Qe6
21. Rc1 h6 22. Qf3
1-0

[Event "Fast! & Furious?"]
[Site "SchemingMind.com"]
[Date "2014.02.12"]
[Round "-"]
[White "fu_manchu"]
[Black "elmar"]
[Result "0-1"]
[WhiteCountry "CAN"]
[BlackCountry "AZE"]
[WhiteElo "1751"]
[WhiteRD "68"]
[BlackElo "2043"]
[BlackRD "70"]
[GameID "347724"]

1. e4 e5 2. Nf3 Nc6 3. Bb5 a6 4. Ba4 Nf6 5. O-O Be7 6. Re1 b5 7. Bb3 d6 8. c3 O-O 9. h3 Na5 10. Bc2 c5
11. d4 cxd4 12. cxd4 Qc7 13. Nbd2 Bb7 14. d5 Rac8 15. Bb3 Nxb3 16. Nxb3 Ne8 17. Bd2 f5 18. Rc1 Qd7 19. Rxc8 Bxc8 20. exf5 Qxf5
21. Be3 Qg6 22. Kh1 Qh5 23. Nh2 Qf7 24. Na5 Nc7 25. Nc6 Bf6 26. Ng4 Bxg4 27. Qxg4 Nxd5 28. Rf1 Nxe3 29. fxe3 Qxa2 30. b4 Qc4
31. Qf3 e4
0-1

[Event "Fast! & Furious?"]
[Site "SchemingMind.com"]
[Date "2014.02.12"]
[Round "-"]
[White "elmar"]
[Black "fu_manchu"]
[Result "1-0"]
[WhiteCountry "AZE"]
[BlackCountry "CAN"]
[WhiteElo "2043"]
[WhiteRD "70"]
[BlackElo "1751"]
[BlackRD "68"]
[GameID "347725"]

1. d4 Nf6 2. Nf3 e6 3. Bg5 Be7 4. c4 b6 5. Nc3 Bb7 6. g3 O-O 7. Bg2 h6 8. Bxf6 Bxf6 9. O-O Nc6 10. e4 d6
11. Re1 Na5 12. e5 dxe5 13. dxe5 Be7 14. Qe2 Bb4 15. Red1 Qe7 16. Ne4 Bxe4 17. Qxe4 Bc5 18. a3 Nb3 19. Rab1 a5 20. Rd3 a4
21. Rbd1 Rad8 22. Bf1 Rxd3 23. Rxd3 Bxf2+ 24. Kxf2 Nc5 25. Qg4 Nxd3+ 26. Bxd3 f5 27. Qh4 Qc5+ 28. Qd4 Qc6 29. g4 fxg4 30. Qxg4 Qc5+
31. Kg2 Qe3 32. Qxe6+ Kh8 33. Qd5 g5 34. e6 g4 35. Qd4+ Qxd4 36. Nxd4 Kg7 37. e7
1-0

[Event "Fast! & Furious?"]
[Site "SchemingMind.com"]
[Date "2014.02.15"]
[Round "-"]
[White "mmccaffe"]
[Black "shaqattack"]
[Result "1/2-1/2"]
[WhiteCountry "USA"]
[BlackCountry "ENG"]
[WhiteElo "1666"]
[WhiteRD "60"]
[BlackElo "1530"]
[BlackRD "71"]
[GameID "348020"]

1. e4 c5 2. Nf3 d6 3. d3 g6 4. Nc3 Bg7 5. g3 a6 6. Bg2 Nf6 7. O-O O-O 8. Bg5 Nbd7 9. Qd2 b5 10. Bh6 Ne5
11. Nxe5 dxe5 12. Bxg7 Kxg7 13. a4 b4 14. Nd1 Bb7 15. Ne3 a5 16. Nc4 Qc7 17. c3 bxc3 18. Qxc3 Kg8 19. Nxe5 Nd7 20. Nxd7 Qxd7
21. Rfd1 Qc7 22. Rac1 f5 23. Qxc5 Qxc5 24. Rxc5 Rfc8 25. Rdc1 Rxc5 26. Rxc5 e6 27. exf5 Bxg2 28. Kxg2 exf5 29. Kf3 Kg7 30. Ke3 Kf6
31. f4 Ra6 32. d4 Ke6 33. Kd3 Kd6 34. Rb5 Ke6 35. Rb7 h5 36. Rg7 Kf6 37. Rc7 Rb6 38. Rc2=
1/2-1/2

[Event "Fast! & Furious?"]
[Site "SchemingMind.com"]
[Date "2014.02.15"]
[Round "-"]
[White "shaqattack"]
[Black "mmccaffe"]
[Result "1/2-1/2"]
[WhiteCountry "ENG"]
[BlackCountry "USA"]
[WhiteElo "1530"]
[WhiteRD "71"]
[BlackElo "1666"]
[BlackRD "60"]
[GameID "348021"]

1. e4 e5 2. Nf3 Nc6 3. Bb5 Nf6 4. O-O Nxe4 5. Bxc6 dxc6 6. Re1 Nd6 7. Nxe5 Be7 8. d3 O-O 9. Nc3 Be6 10. Nf3 Bf6
11. Bd2 Bg4 12. h3 Bh5 13. Ne4 Nxe4 14. dxe4 Re8 15. Bc3 Bxc3 16. bxc3 Qxd1 17. Raxd1 Bxf3 18. gxf3 Rad8 19. Rd4 Rxd4 20. cxd4 Rd8
21. Rd1 c5 22. d5 g5 23. c4 Kg7 24. Kg2 Kf6 25. Kg3 Ke5 26. h4 h6 27. hxg5 hxg5 28. Kg4 f6 29. a4 Rh8 30. Rb1 b6
31. Rb2 Rh4+ 32. Kg3 Kd4 33. a5 Kxc4 34. axb6 cxb6 35. d6 Rh7 36. f4 gxf4+ 37. Kxf4 Rd7 38. e5 Kd5 39. exf6 Ke6 40. Kg5 Rxd6
41. Re2+ Kf7 42. Re7+ Kf8 43. Kg6 Rd4 44. Rxa7 Rg4+ 45. Kf5 Rd4 46. Ke6 Re4+ 47. Kf5 Rd4 48. Ke6 Re4+=
1/2-1/2

[Event "Fast! & Furious?"]
[Site "SchemingMind.com"]
[Date "2014.02.19"]
[Round "-"]
[White "emvarela"]
[Black "shaqattack"]
[Result "1/2-1/2"]
[WhiteCountry "ARG"]
[BlackCountry "ENG"]
[WhiteElo "1766"]
[WhiteRD "50"]
[BlackElo "1601"]
[BlackRD "68"]
[GameID "348022"]

1. e4 c5 2. Nf3 d6 3. d4 cxd4 4. Nxd4 Nf6 5. Nc3 g6 6. Be3 Bg7 7. Bd3 a6 8. O-O O-O 9. Qd2 Nc6 10. Nxc6 bxc6
11. Rad1 Bb7 12. Bh6 Bxh6 13. Qxh6 e5 14. Bc4 d5 15. exd5 cxd5 16. Bb3 d4 17. Ne2 Bd5 18. Bxd5 Qxd5 19. Qg5 Kg7 20. b3 Ne4
21. c4 Nxg5 22. cxd5 Rfd8 23. f4 exf4 24. Nxf4 Rac8 25. Rxd4 Rc2 26. a4 Ne6 27. Nxe6+ fxe6 28. d6 e5 29. Rd5 Re2 30. d7 e4
31. Rfd1 e3 32. Re5 Kh6 33. h4 Kg7 34. Re8 Rd2 35. Re1 R8xd7 36. R8xe3 Rd1 37. Kf2 Rf7+ 38. Ke2 Rxe1+ 39. Kxe1 h5 40. Ke2 Rc7
41. g3 Rc2+ 42. Kf3 Kf6 43. g4 hxg4+ 44. Kxg4 Rg2+ 45. Rg3 Rd2 46. Rf3+ Kg7 47. b4 Rb2 48. Rf4 Rg2+ 49. Kf3 Rb2 50. a5 Kh6
51. Kg4 Rg2+ 52. Kh3 Rb2 53. Kg3 Kg7 54. Rc4 Rb3+ 55. Kg4 Rb2 56. Kg5 Rg2+ 57. Rg4 Rd2 58. Rc4 Rg2+ 59. Rg4 Rf2 60. Rc4 Rg2+=
61. Kf4 Rf2+ 62. Kg3 Rb2 63. Rc7+ Kh6 64. Rb7 Rb3+ 65. Kg4 Rb1 66. Rb6 Rg1+ 67. Kh3 Rb1 68. Kg3 Kh5 69. Rb8 Rg1+ 70. Kh2 Rb1
71. Kg3 Rb3+ 72. Kf4 Kh6 73. Rh8+ Kg7 74. Rb8 Rb1=
1/2-1/2

[Event "Fast! & Furious?"]
[Site "SchemingMind.com"]
[Date "2014.02.19"]
[Round "-"]
[White "shaqattack"]
[Black "emvarela"]
[Result "0-1"]
[WhiteCountry "ENG"]
[BlackCountry "ARG"]
[WhiteElo "1524"]
[WhiteRD "69"]
[BlackElo "1732"]
[BlackRD "45"]
[GameID "348023"]

1. e4 e5 2. Nf3 Nc6 3. Bb5 f5 4. Bxc6 dxc6 5. Nc3 fxe4 6. Nxe5 Nf6 7. O-O Bd6 8. Nc4 Nd5 9. Nxd5 cxd5 10. Nxd6+ Qxd6
11. Re1 Be6 12. d3 exd3 13. Qxd3 Kd7 14. Be3 b6 15. Rad1 c6 16. b3 Rae8 17. Qa6 Qc7 18. c4 Rhf8 19. cxd5 Bxd5 20. Qc4 Kc8
21. Qa6+ Qb7 22. Qxb7+ Kxb7 23. Kf1 Re6 24. Bd4 Rfe8 25. Bxg7 Bxg2+ 26. Kxg2 Rxe1 27. Rd7+ Ka6 28. a4 Rg8 29. f3 Re3 30. b4 Ra3
31. b5+ cxb5 32. axb5+ Kxb5 33. h4 a5 34. Kf2 a4 35. Bd4 Ra2+ 36. Ke3 Re8+ 37. Kf4 Rd2 38. Rd6 a3 39. Rxb6+ Ka5 40. Rd6 Rde2
41. Rd7 R8e7 42. Rxe7 Rxe7 43. Bc5 a2
0-1

[Event "Fast! & Furious?"]
[Site "SchemingMind.com"]
[Date "2014.02.15"]
[Round "-"]
[White "Scooter"]
[Black "shaqattack"]
[Result "1-0"]
[WhiteCountry "USA"]
[BlackCountry "ENG"]
[WhiteElo "1705"]
[WhiteRD "45"]
[BlackElo "1515"]
[BlackRD "72"]
[GameID "348024"]

1. d4 Nf6 2. Bf4 e6 3. Nf3 Be7 4. e3 h6 5. h3 d6 6. Be2 O-O 7. O-O Nc6 8. c3 b6 9. Nbd2 a5 10. Re1 Bb7
11. Bd3 Ba6 12. Bxa6 Rxa6 13. Qe2 Nd5 14. Qxa6 Nxf4 15. exf4 f5 16. Rxe6 Bf6 17. Qc4 Qd7 18. Rxf6+
1-0

[Event "Fast! & Furious?"]
[Site "SchemingMind.com"]
[Date "2014.02.15"]
[Round "-"]
[White "shaqattack"]
[Black "Scooter"]
[Result "0-1"]
[WhiteCountry "ENG"]
[BlackCountry "USA"]
[WhiteElo "1515"]
[WhiteRD "72"]
[BlackElo "1705"]
[BlackRD "45"]
[GameID "348025"]

1. e4 c6 2. d4 d5 3. e5 Bf5 4. Nf3 e6 5. Nc3 Bb4 6. Bd2 Ne7 7. a3 Bxc3 8. Bxc3 h6 9. Bd3 Bxd3 10. Qxd3 O-O
11. O-O Nd7 12. Rfe1 c5 13. Bd2 cxd4 14. Nxd4 a6 15. Re3 Qc7 16. Rg3 Nxe5 17. Qe2 N5g6 18. h4 Nxh4 19. Bxh6 Nef5 20. Nxf5 Nxf5
21. Rc3 Qe7 22. Be3 d4 23. Bxd4 Nxd4 24. Qg4 Nf5 25. Rh3 g6 26. Rd1 Kg7 27. Qf3 Rh8 28. Rxh8 Rxh8 29. Qc3+ Qf6 30. Qxf6+ Kxf6
31. Rd7 Rc8 32. Rxb7 Rxc2 33. a4 Nd4 34. Rb6 Ne2+ 35. Kh2 Nf4 36. Rxa6 Rxb2 37. a5 Ra2 38. f3 Rxg2+ 39. Kh1 Rg3 40. Rb6 Rxf3
41. a6 Ra3
0-1

[Event "Fast! & Furious?"]
[Site "SchemingMind.com"]
[Date "2014.02.15"]
[Round "-"]
[White "shaqattack"]
[Black "kenneth m day"]
[Result "1/2-1/2"]
[WhiteCountry "ENG"]
[BlackCountry "USA"]
[WhiteElo "1530"]
[WhiteRD "71"]
[BlackElo "1767"]
[BlackRD "48"]
[GameID "348026"]

1. e4 e5 2. Nf3 Nc6 3. Bb5 f5 4. Bxc6 dxc6 5. Nxe5 Nf6 6. O-O Bd6 7. Nc4 O-O 8. Nxd6 cxd6 9. exf5 Bxf5 10. d3 Qd7
11. h3 Bxh3 12. Qf3 Bg4 13. Qf4 Nh5 14. Qc4+ Be6 15. Qh4 Qf7 16. Be3 Qg6 17. Nd2 Rf7 18. Ne4 Bd7 19. Rae1 d5 20. Ng3 Nxg3
21. Qxg3 Qxg3 22. fxg3 Raf8 23. Rxf7 Rxf7 24. Rf1 Bg4 25. Rxf7 Kxf7 26. Kf2 a6 27. a4 Ke6 28. Bf4 h6 29. Ke3 Bd1 30. Kd2 Bg4
31. b4 g5= 32. Be3 Bh5 33. c4 dxc4 34. dxc4 Ke5 35. Kd3 Bg6+=
1/2-1/2

[Event "Fast! & Furious?"]
[Site "SchemingMind.com"]
[Date "2014.02.15"]
[Round "-"]
[White "kenneth m day"]
[Black "shaqattack"]
[Result "1-0"]
[WhiteCountry "USA"]
[BlackCountry "ENG"]
[WhiteElo "1769"]
[WhiteRD "48"]
[BlackElo "1524"]
[BlackRD "69"]
[GameID "348027"]

1. e4 c5 2. d4 cxd4 3. c3 dxc3 4. Nxc3 e6 5. Nf3 Bb4 6. Bd2 Bxc3 7. Bxc3 Nf6 8. Bd3 d6 9. O-O h6 10. e5 dxe5
11. Nxe5 O-O 12. Rc1 Nbd7 13. f4 Nxe5 14. fxe5 Nd5 15. Bd4 Bd7 16. Qf3 Bc6 17. Qe4 f5 18. exf6 Nxf6 19. Qxe6+ Kh8 20. Qe3 Re8
21. Qf2 a6 22. Bg6 Rf8 23. Qh4 Qd5 24. Rc2 Rad8 25. Bc3 Bb5 26. Re1 Rfe8 27. Rxe8+ Bxe8 28. Bxf6 Qd1+ 29. Kf2 Rd2+ 30. Rxd2 Qxd2+
31. Kf3 Bc6+ 32. Be4 Qd3+ 33. Kf2 Qd2+ 34. Kf3 Qd1+ 35. Ke3 Qg1+ 36. Kd3 Qb1+ 37. Ke3 Qxe4+ 38. Qxe4 Bxe4 39. Bxg7+ Kxg7 40. Kxe4 Kg6
41. Kf4 Kf6 42. h4 b5 43. b4 Ke6 44. g4 Kf6 45. g5+ hxg5+ 46. hxg5+ Kg6 47. Ke5 Kxg5 48. Kd5 Kf5 49. Kc5 Ke5 50. Kb6 Kd5
51. Kxa6 Kc4 52. Ka5
1-0

[Event "Fast! & Furious?"]
[Site "SchemingMind.com"]
[Date "2014.02.15"]
[Round "-"]
[White "shaqattack"]
[Black "simpet"]
[Result "0-1"]
[WhiteCountry "ENG"]
[BlackCountry "ENG"]
[WhiteElo "1515"]
[WhiteRD "72"]
[BlackElo "1641"]
[BlackRD "54"]
[GameID "348028"]

1. e4 e5 2. Nf3 Nc6 3. Bb5 d6 4. O-O Bd7 5. c3 Be7 6. d4 Nf6 7. Bxc6 Bxc6 8. d5 Bb5 9. Re1 O-O 10. b3 Bd7
11. Bg5 Bg4 12. Bxf6 Bxf6 13. Nbd2 Bh4 14. Qc1 f5 15. h3 Bh5 16. Nxh4 Qxh4 17. c4 f4 18. Qc3 Rf6 19. Nf3 Bxf3 20. Qxf3 Raf8
21. b4 g5 22. a4 Rg6 23. c5 Kh8 24. cxd6 cxd6 25. Rac1 g4 26. hxg4 Rxg4 27. Kf1 Rfg8 28. g3 fxg3 29. fxg3 Rxg3 30. Qf2 Qh3+
31. Ke2 Rg2 32. Qxg2 Rxg2+ 33. Kd1 Qd3#
0-1

[Event "Fast! & Furious?"]
[Site "SchemingMind.com"]
[Date "2014.02.15"]
[Round "-"]
[White "simpet"]
[Black "shaqattack"]
[Result "1-0"]
[WhiteCountry "ENG"]
[BlackCountry "ENG"]
[WhiteElo "1641"]
[WhiteRD "54"]
[BlackElo "1515"]
[BlackRD "72"]
[GameID "348029"]

1. e4 c5 2. Bc4 e6 3. d4 cxd4 4. Qxd4 Nc6 5. Qd3 Ne5 6. Qb3 Nxc4 7. Qxc4 Nf6 8. Nf3 a6 9. O-O h6 10. Nc3 b5
11. Qe2 Bb7 12. e5 Nd5 13. Ne4 Be7 14. Nd4 O-O 15. f4 Bc5 16. Nxc5 Qb6 17. Ncb3 Rac8 18. c3 f6 19. Be3 Nxe3 20. Qxe3 Bd5
21. Nd2 fxe5 22. fxe5 Rxf1+ 23. Rxf1 Bc4 24. Nxc4 bxc4 25. Qf2 Qc5 26. Qf7+ Kh8 27. Qxd7 Rf8 28. Rxf8+ Qxf8 29. Nxe6 Qg8 30. Qd8 Qxd8
31. Nxd8 Kg8 32. e6 Kf8 33. Nc6 g5 34. e7+ Ke8 35. Kf2 h5 36. Ke3
1-0

[Event "Fast! & Furious?"]
[Site "SchemingMind.com"]
[Date "2014.02.15"]
[Round "-"]
[White "shaqattack"]
[Black "fu_manchu"]
[Result "0-1"]
[WhiteCountry "ENG"]
[BlackCountry "CAN"]
[WhiteElo "1530"]
[WhiteRD "71"]
[BlackElo "1751"]
[BlackRD "68"]
[GameID "348030"]

1. e4 c5 2. Nf3 d6 3. Bb5+ Nc6 4. Bxc6+ bxc6 5. O-O e5 6. h3 f5 7. d3 Nf6 8. Bg5 Be7 9. Nbd2 O-O 10. Nc4 fxe4
11. dxe4 Nxe4 12. Bxe7 Qxe7 13. Re1 Bf5 14. Ncd2 Nxd2 15. Qxd2 Bxh3 16. gxh3 Rxf3 17. Re3 Qg5+ 18. Kf1 Rxh3 19. Ke2 Qg4+ 20. Kd3 Qd4+
21. Ke2 Rxe3+ 22. fxe3 Qxd2+ 23. Kxd2 g5 24. Rf1 Rf8
0-1

[Event "Fast! & Furious?"]
[Site "SchemingMind.com"]
[Date "2014.02.15"]
[Round "-"]
[White "fu_manchu"]
[Black "shaqattack"]
[Result "0-1"]
[WhiteCountry "CAN"]
[BlackCountry "ENG"]
[WhiteElo "1710"]
[WhiteRD "76"]
[BlackElo "1600"]
[BlackRD "67"]
[GameID "348031"]

1. d4 Nf6 2. c4 e6 3. Nf3 Bb4+ 4. Nc3 Bxc3+ 5. bxc3 O-O 6. Bg5 d6 7. e3 Nbd7 8. Bd3 c5 9. d5 exd5 10. cxd5 h6
11. Bxf6 Nxf6 12. c4 Bg4 13. O-O Bxf3 14. Qxf3 a6 15. a4 Re8 16. Rab1 Rb8 17. Qf5 Qd7 18. Rb6 Qxf5 19. Bxf5 Red8 20. Rfb1 g6
21. Bh3 Ne4 22. Rxb7 Rxb7 23. Rxb7 Nd2 24. Rb6 Nxc4 25. Rxa6 Nb2 26. Ra7 Rb8 27. g3 c4 28. Rc7 Ra8 29. Rc6 Rxa4 30. Bf1 Ra1
31. Kg2 Rc1 32. Rxd6 Rd1 33. Rd8+ Kg7 34. d6 c3 35. d7 c2 36. Rc8 Rxd7 37. Rxc2 Rb7 38. Be2 Na4 39. Bf3 Re7 40. Rc4 Nb6
41. Re4 Rxe4 42. Bxe4 Nc4 43. Bd5 Ne5 44. h3 f5 45. f4 Nd3 46. e4 fxe4 47. Bxe4 Nc5 48. Kf3 Nb3 49. g4 Nd2+ 50. Ke3 Nf1+
51. Kf2 Nd2 52. Bd3 Nb3 53. g5 Nd4 54. gxh6+ Kxh6 55. Ke3 Ne6 56. Be2 Ng7 57. Ke4 Nh5 58. Bxh5 Kxh5 59. Ke5 Kh6 60. Kf6 Kh7
61. Kf7 Kh6 62. h4 Kh7 63. Ke6 Kg7 64. Ke7 Kh7 65. Kf7 Kh6 66. Kf6 Kh7 67. f5= gxf5
0-1

[Event "Fast! & Furious?"]
[Site "SchemingMind.com"]
[Date "2014.02.15"]
[Round "-"]
[White "shaqattack"]
[Black "elmar"]
[Result "0-1"]
[WhiteCountry "ENG"]
[BlackCountry "AZE"]
[WhiteElo "1515"]
[WhiteRD "72"]
[BlackElo "1988"]
[BlackRD "82"]
[GameID "348032"]

1. e4 c5 2. Nf3 d6 3. d4 cxd4 4. Nxd4 Nf6 5. Nc3 a6 6. Be3 e6 7. f3 Be7 8. Bc4 Qc7 9. Bb3 O-O 10. Qd2 Nbd7
11. O-O-O Nc5 12. h4 e5 13. Nde2 Nxb3+ 14. cxb3 Be6 15. Kb1 b5 16. h5 b4 17. Nd5 Bxd5 18. exd5 Rfb8 19. h6 g6 20. Bg5 Rb5
21. Rc1 Qb7 22. Bxf6 Bxf6 23. Ng3 Rxd5 24. Qe2 Be7 25. Qe4 Bg5 26. Rc4 a5 27. Nf5 gxf5 28. Qxf5 f6 29. Qe6+ Qf7 30. Rc8+ Rxc8
31. Qxc8+ Qf8 32. Qxf8+ Kxf8 33. g3 Kf7 34. a3 Rd3 35. axb4 axb4 36. f4 exf4 37. gxf4 Bxf4 38. Kc2 Rd2+ 39. Kb1 Be5 40. Rh4 Rxb2+
41. Kc1 Rxb3 42. Rc4 Kg6 43. Kc2 Rb2+ 44. Kc1 Kxh6 45. Rh4+ Kg6
0-1

[Event "Fast! & Furious?"]
[Site "SchemingMind.com"]
[Date "2014.02.15"]
[Round "-"]
[White "elmar"]
[Black "shaqattack"]
[Result "1-0"]
[WhiteCountry "AZE"]
[BlackCountry "ENG"]
[WhiteElo "1988"]
[WhiteRD "82"]
[BlackElo "1515"]
[BlackRD "72"]
[GameID "348033"]

1. e4 c5 2. Nf3 d6 3. d4 cxd4 4. Nxd4 Nf6 5. Nc3 g6 6. Bc4 a6 7. O-O Bg7 8. f4 O-O 9. Be3 Nc6 10. Nb3 Ng4
11. Qf3 Nxe3 12. Qxe3 Nb4 13. Rf2 Bxc3 14. Qxc3 Nc6 15. Rd1 b5 16. Bd5 Bb7 17. Bxc6 Rc8 18. Nd4 Bxc6 19. Nxc6 Qb6 20. Nxe7#
1-0